Машиностроительные расчеты в среде EXCEL 97/2000 (Запись № 529743)

Подробности
000 -МАРКЕР
контрольное поле 01803nam0a2200349 4500
001 - ИДЕНТИФИКАТОР ЗАПИСИ
контрольное поле RU\NLR\bibl\96403
005 - ИДЕНТИФИКАТОР ВЕРСИИ
контрольное поле 20250617081839.0
010 ## - МЕЖДУНАРОДНЫЙ СТАНДАРТНЫЙ НОМЕР КНИГИ (ISBN)
Номер (ISBN) 5-8206-0077-0
Тираж 3000
021 ## - НОМЕР ГОСУДАРСТВЕННОЙ РЕГИСТРАЦИИ
Код страны российская федерация
Номер 2000-9918
Номер Листа государственной регистраци 493
035 ## - ДРУГИЕ СИСТЕМНЫЕ НОМЕРА
Идентификатор записи (NLR Aleph) 000094230
100 ## - ДАННЫЕ ОБЩЕЙ ОБРАБОТКИ
Данные общей обработки 20000707d2000 |||y0rusy50 ca
101 0# - ЯЗЫК РЕСУРСА
Язык текста, звукозаписи и т.д. русский
102 ## - СТРАНА ПУБЛИКАЦИИ ИЛИ ПРОИЗВОДСТВА
Страна публикации российская федерация
105 ## - ПОЛЕ КОДИРОВАННЫХ ДАННЫХ: ТЕКСТОВЫЕ МАТЕРИАЛЫ, МОНОГРАФИЧЕСКИЕ
Кодированные данные о монографическом текстовом документе a z |||||
200 1# - ЗАГЛАВИЕ И СВЕДЕНИЯ ОБ ОТВЕТСТВЕННОСТИ
Основное заглавие Машиностроительные расчеты в среде EXCEL 97/2000
Сведения, относящиеся к заглавию [Для специалистов, студентов техн. вузов и техникумов]
Первые сведения об ответственности Александр Дубина
210 ## - ПУБЛИКАЦИЯ, РАСПРОСТРАНЕНИЕ И ДР.
Место издания, распространения и т.д. СПб. и др.
Имя издателя, распространителя и т. д. BHV-Санкт-Петербург
Дата издания, распространения и т.д. 2000
215 ## - ФИЗИЧЕСКАЯ ХАРАКТЕРИСТИКА
Специфическое обозначение материала и объем 416 с.
Другие сведения о физической характеристике ил.
Размеры 23
225 1# - СЕРИЯ
Основное заглавие серии Мастер
Сведения, относящиеся к заглавию Практ. руководство
320 ## - ПРИМЕЧАНИЯ О НАЛИЧИИ В ДОКУМЕНТЕ БИБЛИОГРАФИИ / УКАЗАТЕЛЯ
Текст примечания Библиогр.: с. 415-416 (18 назв.)
606 0# - НАИМЕНОВАНИЕ ТЕМЫ КАК ПРЕДМЕТ
Наименование темы Детали машин
Формальный подзаголовок Руководства, пособия и т.п.
Тематический подзаголовок Проектирование
-- Автоматизация
Системный номер авторитетной/нормативной записи 949227
Идентификатор авторитетной/нормативной записи RU\NLR\auth\66352567
606 0# - НАИМЕНОВАНИЕ ТЕМЫ КАК ПРЕДМЕТ
Наименование темы Детали машин
Формальный подзаголовок Учебные издания
Тематический подзаголовок Проектирование
-- Автоматизация
Системный номер авторитетной/нормативной записи 949227
Идентификатор авторитетной/нормативной записи RU\NLR\auth\66352567
606 0# - НАИМЕНОВАНИЕ ТЕМЫ КАК ПРЕДМЕТ
Наименование темы MICROSOFT EXCEL, электронные таблицы
Формальный подзаголовок Руководства, пособия и т.п.
Тематический подзаголовок Использование в машиностроении
Системный номер авторитетной/нормативной записи 2177284
Идентификатор авторитетной/нормативной записи RU\NLR\auth\661309492
606 0# - НАИМЕНОВАНИЕ ТЕМЫ КАК ПРЕДМЕТ
Наименование темы MICROSOFT EXCEL, электронные таблицы
Формальный подзаголовок Учебные издания
Тематический подзаголовок Использование в машиностроении
Системный номер авторитетной/нормативной записи 2177284
Идентификатор авторитетной/нормативной записи RU\NLR\auth\661309492
686 ## - ИНДЕКСЫ ДРУГИХ КЛАССИФИКАЦИЙ
Индекс К42-5-05я7
700 #1 - ИМЯ ЛИЦА - ПЕРВИЧНАЯ ОТВЕТСТВЕННОСТЬ
Начальный элемент ввода Дубина
Часть имени, кроме начального элемента ввода А. Г.
Код отношения Автор
801 #0 - ИСТОЧНИК ЗАПИСИ
Страна российская федерация
Организация NLR
Дата составления 20000707
Правила каталогизации PSBO
801 #1 - ИСТОЧНИК ЗАПИСИ
Страна российская федерация
Организация NLR
Дата составления 20000707
852 ## - МЕСТОНАХОЖДЕНИЕ И ШИФР ХРАНЕНИЯ
Идентификатор организации NLR
Шифр хранения (Call Number) 2000-7/975
942 ## - ДОПОЛНИТЕЛЬНЫЕ ЭЛЕМЕНТЫ ЗАПИСИ (АБИС)
Тип экземпляра АБИС Книга
980 ## - КОЛЛЕКЦИЯ
Название коллекции Национальная библиография
Экземпляры
Тип экземпляра Дата поступления Источник поступления Библиотека постоянного хранения Библиотека текущего хранения Место хранения Шифр хранения Штрих-код Статус не для выдачи Стоимость
Книга 23.06.2004 Подсобные фонды РНБ РНБ (Московский) РНБ (Московский) Фонд общего зала литературы по технике Т1 К42/Д-792 1-462604    
Книга 07.07.2000 Обязательный экземпляр РНБ (Московский) РНБ (Московский) Русский книжный фонд: издания с 1957 года, 8этаж 2000-7/975 47492    
Книга 07.07.2000 Обязательный экземпляр РНБ (Московский) РНБ (Московский) Русский книжный фонд: издания с 1957 года, 8этаж 2000-7/975 47669    
Книга 17.11.2004 Подсобные фонды РНБ РНБ (Садовая) РНБ (Садовая) Универсальный читальный зал Т2 К42/Д-792 1-333612   76.00
Книга 27.09.2004 Покупка РНБ (Фонтанка) РНБ (Фонтанка) Юношеский читальный зал Ю К4-9/Д-79 1-349075   68.40